| 000 | 01336cad a22002415a 4500 | ||
|---|---|---|---|
| 001 | E147841 | ||
| 008 | 090623s2009 xxkd f s 000 0 eng d | ||
| 035 | _a(Sirsi) u147841 | ||
| 041 | 0 | _aeng | |
| 050 | 0 | 4 | _a333.33 $2 18 |
| 110 | 2 |
_aColliers CRE _95075 |
|
| 245 | 0 | 0 |
_aProperty snapshot _bJune 2009 _h[electronic resource] |
| 260 |
_aLondon _bColliers _c2009 |
||
| 490 | 0 |
_aProperty Snapshot _vJune 2009 |
|
| 520 | _aReports that the contraction of GDP of 1.9% in 1Q 2009 was due to a contraction of investment and inventories as well as a fall in household spending. The UK Eurostat Business Survey is now showing an improvement in general economic sentiment, with the FT also reporting that 11 out of 20 economists surveyed thought that the economy has stopped contracting in June. With regard to the property market, lack of supply is now the main factor holding back transactions, rather than lack of finance, and buyers now outnumber sellers, especially for properties with long leases and secure income. | ||
| 521 | _aAdvanced | ||
| 590 | _aKA | ||
| 650 | 2 | 4 | _aCOLLIERS PROPERTY SNAPSHOT |
| 651 | 4 |
_aUnited Kingdom _y |
|
| 690 | _aPROPERTY-COMMERCIAL PROPERTY-COMMERCIAL PROPERTY MARKET | ||
| 856 | 4 | 0 |
_uhttps://www.colliers.com/ _zView this report free of charge under market reports at www.colliers.com... |
| 942 | _n0 | ||
| 999 |
_c109745 _d109745 |
||